00753nam a22002057a 450000500170000001000150001702000230003203500140005503700090006908200110007810000310008924500680012026000660018827000720025430000400032670000100036694200250037699900190040195201270042020250115162759.0 aENG-143480 a8185396183c995.00 aEN-127012 bDBAD a954.01 aRay Ardhendu Sekhar976649 aCrafts and Technology in Ancient India/cBy Ardhendu Sekhar Ray aIX/5572, West Seelampur Gandhi Nagar, DelhibS. S. Publishers aIX/5572, West Seelampur Gandhi Nagar, DelhibDelhie110031k2433202 axxv,199p. c22cm(pb) bMap Pictures 976628 2ddccENmRayh954.01 c208541d208541 001040708NFICaLbLd2025-01-15eDBADg995.00l0oRAY 954.01pEN-127012r2025-01-15 00:00:00t1v995.00w2025-01-15yEN